| 000 | 00000nam 2200000zi 4500 |
| 001 | 9.926481 |
| 003 | CaOODSP |
| 005 | 20251103145122 |
| 006 | m o d f |
| 007 | cr cn||||||||| |
| 008 | 230823t202309##onc ob f000 0 fre d |
| 020 | |a9780660676067 |
| 040 | |aCaOODSP|bfre|erda|cCaOODSP |
| 043 | |an-cn--- |
| 086 | 1 |aJ4-145/2023F-PDF |
| 100 | 1 |aStumpf, Bianca, |eauteur. |
| 245 | 10|aComprendre la violence familiale dans des communautés diverses : |bce que les spécialistes en la matière pensent que les conseillers et les conseillères juridiques en droit de la famille doivent savoir / |cpréparé par Bianca Stumpf. |
| 264 | 1|a[Ottawa] : |bMinistère de la Justice Canada = Department of Justice Canada, |cseptembre 2023. |
| 264 | 4|c©2023 |
| 300 | |a1 ressource en ligne (20 pages) |
| 336 | |atexte|btxt|2rdacontent/fre |
| 337 | |ainformatique|bc|2rdamedia/fre |
| 338 | |aressource en ligne|bcr|2rdacarrier/fre |
| 500 | |aTitre de la couverture. |
| 500 | |aPublié aussi en anglais sous le titre : Understanding family violence in diverse communities: what subject-matter experts think family law legal advisers should know. |
| 504 | |aComprend des références bibliographiques. |
| 650 | 6|aViolence familiale|zCanada. |
| 710 | 1 |aCanada. |bMinistère de la justice, |eorganisme de publication. |
| 775 | 08|tUnderstanding family violence in diverse communities : |w(CaOODSP)9.926480 |
| 856 | 40|qPDF|s359 Ko|uhttps://publications.gc.ca/collections/collection_2023/jus/J4-145-2023-fra.pdf |
| 856 | 4 |qHTML|sS.O.|uhttps://www.justice.gc.ca/fra/pr-rp/jr/cvfcd-ufvdc/index.html |